Countries of Asia in Alphabetical Order - Statistics

General Stats
  • This quiz has been taken 1,108 times
  • The average score is 35 of 48
Answer Stats
Hint Answer % Correct
A Afghanistan
93%
A Armenia
92%
A Azerbaijan
90%
B Bahrain
84%
B Bangladesh
84%
B Bhutan
81%
C Cambodia
81%
I India
81%
O Oman
81%
Q Qatar
81%
I Indonesia
80%
B Brunei
79%
I Iran
79%
I Iraq
79%
J Japan
79%
J Jordan
78%
L Laos
78%
C China
77%
Y Yemen
77%
I Israel
75%
K Kazakhstan
75%
K Kyrgyzstan
75%
G Georgia
73%
P Pakistan
73%
V Vietnam
72%
E East Timor
71%
K Kuwait
71%
L Lebanon
71%
N Nepal
71%
U Uzbekistan
71%
M Malaysia
70%
N North Korea
69%
T Turkmenistan
67%
B Burma
66%
M Mongolia
66%
T Tajikistan
63%
T Turkey
63%
U United Arab Emirates
62%
P Philippines
61%
S Saudi Arabia
61%
M Maldives
60%
S Singapore
60%
S Syria
60%
T Thailand
60%
S South Korea
59%
T Taiwan
59%
C Cyprus
57%
S Sri Lanka
54%
No matching quizzes found
Score Distribution
Percent of People with Each Score
Percentile by Number Answered
Your Score History
You have not taken this quiz